|
|
|
|
| LEADER |
00000nab a2200000 a 4500 |
| 001 |
vtls000378971 |
| 003 |
SK-MaSNL |
| 005 |
20260303134520.0 |
| 008 |
230217c1990 xo 0 cze |
| 015 |
|
|
|a SNBRB19rr/mm-uuuuu
|
| 035 |
|
|
|a CL0379093
|
| 035 |
|
|
|a urn:nbn:sk:snk-ab2pfe
|
| 035 |
|
|
|a (urnnbn)urn:nbn:sk:snk:ar-a02q9h
|
| 035 |
|
|
|a (uuid)0c489191-2dfb-47b2-aa0c-6a92a8f228ad
|
| 040 |
|
|
|a SNKBUCL
|b slo
|c SNKBUCL
|e AACR2
|
| 041 |
0 |
|
|a cze
|
| 044 |
|
|
|a xo
|c SK
|
| 080 |
|
|
|a 631.16:336.57
|2 1981
|
| 080 |
|
|
|a 336.57
|2 1981
|
| 080 |
|
|
|a 338.43(100-19)
|2 1981
|
| 100 |
1 |
|
|a Kraus, Josef
|4 aut
|9 400676
|
| 245 |
1 |
0 |
|a Srovnatelnost subvenčních systémű v zemědělství vyspělých zemí
|c Josef Kraus
|
| 500 |
|
|
|a /Dokončenie./
|
| 650 |
0 |
7 |
|a poľnohospodárstvo
|2 snkbucl
|9 679
|
| 650 |
0 |
7 |
|a ekonomika
|2 snkbucl
|9 789
|
| 655 |
|
7 |
|a články z novín a časopisov
|2 snkbucl
|9 267496
|
| 773 |
0 |
|
|t Ekonomika poľnohospodárstva
|g Roč. 29, č. 4 (1990), s. 187-188
|
| 850 |
|
|
|a Slovenská národná knižnica v Martine
|a MTA001
|
| 852 |
|
|
|a SNK
|b KIS3GCP
|
| 954 |
|
|
|a odborná, vedecká literatúra cudzojazyčná (svetová)
|2 lita
|
| 958 |
|
|
|a RK
|
| 958 |
|
|
|a CZ
|
| 958 |
|
|
|a OND
|
| 958 |
|
|
|a EUIPO
|
| 958 |
|
|
|a article27
|
| 992 |
|
|
|a RBX
|
| 999 |
|
|
|c 1960913
|d 1962843
|